000 00488nam a2200181Ia 4500
003 GCL
008 140319s9999 xx 000 0 eng d
040 _aGCL /
_cGCL
082 0 4 _aREF
_b443
_bL L
100 1 _aGREIMES, ALGIRDS JULIEN
245 1 0 _aDICTIONNAIRE DE L'ANCIEN FRANCAIS /
_cGREIMES, ALGIRDS JULIEN
260 _a[S.N] :
_bLAROUSSE ،
_c1994
300 _a630 PP
650 0 4 _aFRENCH
650 0 4 _aENCYCLOPEDIAS AND DICTIONARIES
650 0 4 _aLANGUAGES
942 _2ddc
_cBK
999 _c19096
_d19096